000 00296nam a22001337a 4500
003 SGT
082 _a616.0757
_bS10T
100 _aTHAKUR, ANAND J.
245 _aSTRATEGIC RADIOGRAPHIC POSITIONING
260 _aINDIA
_bLWW
_c2010
300 _a472
650 _aRADIOLOGY
942 _2ddc
_cBK
_01
999 _c14582
_d14582